Arctic Monkeys Lyrics - I.D.S.T. - Statistics

General Stats
  • This quiz has been taken 28 times
  • The average score is 27 of 40
Answer Stats
Lyrics % Correct
I
100%
"I
100%
I
100%
I.D.S.T
86%
I.D.S.T
86%
I.D.S.T.,
86%
I.D.S.T.,
86%
I.D.S.T
86%
I.D.S.T.,
86%
I.D.S.T.,
86%
I.D.S.-T
86%
I.D.S.T
86%
I.D.S.T.,
86%
I.D.S.T.,
86%
I.D.S.T
86%
I.D.S.T.,
86%
I.D.S.T.,
86%
I.D.S.-T
86%
I.D.S.T.,
86%
I.D.S.T
86%
I.D.S.T.,
86%
I.D.S.-T
86%
the
67%
the
67%
a
57%
On
57%
on
57%
for
48%
bathroom
43%
Jenny,"
43%
wrote,
43%
wrote,
43%
here",
38%
mirror,
38%
was
38%
"Mark
33%
backseat
29%
compass
29%
drawing
29%
With
29%
No matching quizzes found
Score Distribution
Percent of People with Each Score
Percentile by Number Answered
Your Score History
You have not taken this quiz